000 00635nam a22002297a 4500
003 UA-OsUOA
001 81480
007 ta
008 20120201b un ||||| |||| 00| 0 ukr d
090 _a94(447.84)
_bЗ-53
942 _cBK
040 _aUA-OsUOA
_bukr
_cUA-OsUOA
_dUA-OsUOA
245 _aЗемля Тернопільська
_bтуристичний путівник
300 _a368 с.
955 _a4
041 _aukr
080 _a94(447.84)
020 _a966-8017-71-4
260 _aТернопіль
_bДжура
_c2003
650 7 _a9 Географія. Біографії. Історія
_2UDC
999 _c367791
_d367791